000
00312nam a2200133Ia 4500
100
_a
Krasnov/Kiselev
942
_c
BK
654
_a
Calculus
245
_a
Problems & Exercises in The Calculus & Variations
260
_b
Mir Publishers
_a
Moscow
_c
1975
082
_a
515.64
300
_a
222
546
_a
ENGLISH
999
_c
30737
_d
30737